| 000 | 00870cam a2200277 a 4500 | ||
|---|---|---|---|
| 001 | 34284 | ||
| 003 | BD-RjUL | ||
| 005 | 20211209052132.0 | ||
| 008 | 140516s2000 bg 001 0 eng | ||
| 035 | _a(BD-RjUL)34378 | ||
| 040 |
_aDLC _cDLC _dBD-RjUL _beng |
||
| 041 | _aeng | ||
| 082 | 0 | 0 |
_a301.35 _221 _bMAS 2000 |
| 100 | 1 |
_aMandal, Mohammad Solaiman. _9104228 |
|
| 245 | 1 | 0 |
_aSocioeconomic development and human welfare : _ban interdisciplinary approach / _cby Mohammad Solaiman Mandal. |
| 260 |
_aRajshahi : _bMohammad Solaiman Mandal], _c2000. |
||
| 300 |
_aiv, 623 p ; _c23 cm. |
||
| 500 | _a"Development and human welfare." | ||
| 500 | _aIncludes index. | ||
| 650 | 0 |
_aEconomic development. _9104229 |
|
| 650 | 0 |
_aSocial change. _9104230 |
|
| 650 | 0 |
_aHumanitarianism. _9104231 |
|
| 942 |
_2ddc _cBK |
||
| 999 |
_c34284 _d34284 |
||